The ABC's of Building a Business Team that Wins : (Record no. 596483)

MARC details
000 -LEADER
fixed length control field 00477nam a2200181 a 4500
008 - FIXED-LENGTH DATA ELEMENTS--GENERAL INFORMATION
fixed length control field 251107s2004##################000#0#eng##
020 ## - INTERNATIONAL STANDARD BOOK NUMBER
ISBN 9780446694087
082 04 - DEWEY DECIMAL CLASSIFICATION NUMBER
Classification number 658.4022
Item number SIN
100 1# - MAIN ENTRY--AUTHOR NAME
Personal name Singer, Blair,
245 10 - TITLE STATEMENT
Title The ABC's of Building a Business Team that Wins :
260 ## - PUBLICATION, DISTRIBUTION, ETC. (IMPRINT)
Name of publisher Business Plus,
Year of publication 2004.
650 #0 - SUBJECT ADDED ENTRY--TOPICAL TERM
Topical Term Business & Economics.
942 ## - ADDED ENTRY ELEMENTS (KOHA)
Koha item type English Books
Holdings
Withdrawn status Lost status Damaged status Not for loan Home library Current library Shelving location Date acquired Full call number Accession Number Price effective from Koha item type
        Anna Centenary Library Anna Centenary Library 6TH FLOOR, A WING 07.11.2025 658.4022 SIN 507232 07.11.2025 English Books

Find us on the map